000
00282nam a22001337a 4500
003
SGT
082
_a
360
_b
A16M
100
_a
MANGAL, S.K.
245
_a
ASSESSMENT FOR LEARNING
260
_a
LUDHIANA
_b
TANDON PUB
_c
2016
300
_a
252
650
_a
EDUCATION
942
_2
ddc
_c
BK
_0
1
999
_c
12741
_d
12741